Statistics and data analysis for nursing research / (رقم التسجيلة. 21916)

تفاصيل مارك
000 -الفاتح
حقل البيانات ثابتة الطول 02099cam a22003974a 4500
001 - رقم الضبط
رقم الضبط 15653282
003 - محدد رقم الضبط
رقم الضبط OSt
005 - وقت وتاريخ اخر تعامل مع التسجيلة
رقم الضبط 20150408114019.0
008 - عناصر البيانات ثابتة الطول - معلومات عامة
حقل البيانات ثابتة الطول 090306s2010 maua b 001 0 eng
010 ## - رقم ضبط مكتبة الكونجرس
رقم ضبط مكتبة الكونجرس 2009009967
016 7# - رقم ضبط الوكاله الوطنية للضبط الببليوجرافي
رقم ضبط التسجيلة 101498280
المصدر DNLM
020 ## - الرقم الدولى المعيارى للكتب
الرقم الدولى المعيارى للكتاب 9780135085073
020 ## - الرقم الدولى المعيارى للكتب
الرقم الدولى المعيارى للكتاب 0135085071
035 ## - رقم ضبط النظام
رقم ضبط النظام (OCoLC)ocn314597701
040 ## - مصدر الفهرسة
وكالة الفهرسة الأصلية DNLM/DLC
وكالة النسخ DLC
وكالة التعديل BTCTA
-- NLM
-- C#P
-- DLC
042 ## - رمز التحقق
رمز التحقق pcc
050 00 - رقم طلب مكتبة الكونجرس
رقم التصنيف RT81.5
رقم المادة .P62 2010
060 00 - رقم الطلب بالمكتبة الطبية الوطنية
رقم التصنيف 2009 K-664
060 10 - رقم الطلب بالمكتبة الطبية الوطنية
رقم التصنيف W 20.5
رقم المادة P769s 2010
082 00 - رقم تصنيف ديوى العشرى
رقم التصنيف 610.727
رقم الطبعة 22
100 1# - المدخل الرئيسى - إسم شخصى
الإسم الشخصى Polit, Denise F.
9 (RLIN) 4720
245 10 - بيان العنوان
العنوان Statistics and data analysis for nursing research /
بيان المسئوليه,etc Denise F. Polit.
250 ## - بيان الطبعة
بيان الطبعة 2nd ed.
260 ## - PUBLICATION, DISTRIBUTION, ETC. (IMPRINT)
مكان الناشر او الموزع Boston :
اسم الناشر او الموزع Pearson,
تاريخ النشر أو التوزيع c2010.
300 ## - الوصف المادى
التعداد xii, 440 p. :
تفاصيل ماديه اخرى للوعاء ill. ;
أبعاد الوعاء 26 cm.
500 ## - تبصرة عامة
تبصرة عامة Rev. ed. of: Data analysis & statistics for nursing research / Denise F. Polit. c1996.
504 ## - تبصرة ببليوجرافية
تبصرة ببليوجرافية,الخ Includes bibliographical references and index.
505 0# - تبصرة محتويات-الفهرس
تبصرة المحتويات المصاغة Introduction to data analysis in an evidence-based practice environment -- Frequency distributions : tabulating and displaying data -- Central tendency, variability, and relative standing -- Bivariate description : crosstabulation, risk indexes, and correlation -- Statistical inference -- T tests : testing two mean differences -- Analysis of variance -- Chi-square and other nonparametric tests -- Correlation and simple regression -- Multiple regression -- Analysis of covariance, multivariate ANOVA, and related multivariate analyses -- Logistic regression -- Factor analysis and internal consistency reliability analysis -- Missing values.
650 #0 - المدخل الاضافى بالموضوع-مصطلح موضوعى
مصطلح موضوعي أو اسم جغرافي كعنصر مدخل Nursing
التقسيم الفرعي العام Research.
650 #0 - المدخل الاضافى بالموضوع-مصطلح موضوعى
مصطلح موضوعي أو اسم جغرافي كعنصر مدخل Nursing
التقسيم الفرعي العام Research
-- Statistical methods.
9 (RLIN) 4722
650 12 - المدخل الاضافى بالموضوع-مصطلح موضوعى
مصطلح موضوعي أو اسم جغرافي كعنصر مدخل Nursing Research
التقسيم الفرعي العام methods.
9 (RLIN) 11525
650 12 - المدخل الاضافى بالموضوع-مصطلح موضوعى
مصطلح موضوعي أو اسم جغرافي كعنصر مدخل Statistics as Topic.
9 (RLIN) 11606
700 1# - المدخل الاضافى - اسم شخصى
الإسم الشخصى Polit, Denise F.
عنوان العمل Data analysis & statistics for nursing research.
9 (RLIN) 11607
942 ## - عناصر المدخل الإضافي( كوها)
مصدر التصنيف او مخطط الترفيف Dewey Decimal Classification
Koha [default] item type كتاب
المقتنيات
حالة الفقد نموذج السعر الفعال حالة تلف ليس للاعارة رقم الطلب تاريخ الاكتساب الموقع الحالي الباركود الفرع الرئيسي Date last seen نوع المادة فى نظام كوها مصدر التصنيف او خطة الترفيف Total Checkouts Date last checked out
  2013-03-10     610.727 P D S 2012-04-20 المكتبة المركزية بالمجمعة (CL) 00084637 المكتبة المركزية بالمجمعة (CL) 2019-04-16 كتاب Dewey Decimal Classification 3 2019-01-10
  2013-03-10     610.727 P D S 2012-04-20 المكتبة المركزية بالمجمعة (CL) 00084638 المكتبة المركزية بالمجمعة (CL) 2013-03-10 كتاب Dewey Decimal Classification    
  2013-03-10     610.727 P D S 2012-04-19 مكتبة كلية العلوم الطبية التطبيقية بالمجمعة - طالبات (AMF) 00084241 مكتبة كلية العلوم الطبية التطبيقية بالمجمعة - طالبات (AMF) 2013-03-10 كتاب Dewey Decimal Classification    
  2013-03-10     610.727 P D S 2012-04-19 مكتبة كلية العلوم الطبية التطبيقية بالمجمعة - طالبات (AMF) 00084228 مكتبة كلية العلوم الطبية التطبيقية بالمجمعة - طالبات (AMF) 2016-03-21 كتاب Dewey Decimal Classification